| Поле | Название | Значение |
| |
Тип записи |
a |
| |
Библиографический уровень |
c |
| 001 |
Контрольный номер |
SKBR/d92c04c0-9a01-407f-b53f-719d8ad6b9c1 |
| 005 |
Дата корректировки |
20260629164613.1 |
| 010 |
Индекс ISBN |
__ |
| a |
ISBN |
978-5-00217-573-4 |
| b |
Уточнения |
в пер. |
| 9 |
Тираж |
50 экз. |
| 035 |
Другие системные номера |
__ |
| a |
Идентификатор записи |
RU\NLR\BIBL_A\022606175 |
| 100 |
Данные общей обработки |
__ |
| a |
Данные общей обработки |
20250821d2025 me y0rusy028902 ca |
| 101 |
Язык документа |
0_ |
| a |
Язык текста |
rus |
| 102 |
Страна публикации |
__ |
| a |
Страна публикации |
RU |
| 105 |
Кодированные данные (монография) |
__ |
| a |
Кодированные данные (монография) |
y z 000 y |
| 181 |
Поле кодированных данных: вид содержания |
_0 |
| a |
Код вида содержания (ISBD) |
i |
| 182 |
Поле кодированных данных: тип средства |
_0 |
| a |
Код типа средства (ISBD) |
n |
| 200 |
Заглавие и сведения об ответственности |
1_ |
| a |
Заглавие |
А рыбы не плачут... |
| e |
Сведения, относящиеся к заглавию |
[поэтический сборник] |
| f |
Первые сведения об ответственности |
Татьяна Самойлова |
| 203 |
Вид содержания и тип средства |
__ |
| a |
Вид содержания |
Текст |
| c |
Тип средства |
непосредственный |
| 210 |
Выходные данные |
1_ |
| a |
Место издания |
Москва |
| c |
Издательство |
Эдитус |
| d |
Дата издания |
2025 |
| 215 |
Физическое описание |
__ |
| d |
Формат |
22 см |
| a |
Объем |
110 с. |
| 330 |
Аннотация |
__ |
| a |
Аннотация |
Татьяна Михайловна Самойлова (г. Томск) - член Союза писателей России, поэт и автор двух поэтических сборников. В 2022 году она стала победителем Томского областного литературного конкурса "Слово". Обладая разносторонними талантами, она также известна как автор и исполнитель песен на собственные стихи и произведения других томских поэтов. Кроме того, Татьяна Михайловна принимает участие в театральных постановках, играя в любительском театре "МХАТ имени Чехова на Уржатке". |
| 464 |
Аналитический уровень |
_0 |
| 1 |
|
2001 |
| a |
|
Еще одна зима |
| 464 |
Аналитический уровень |
_0 |
| 1 |
|
2000 |
| a |
|
Свет Рождества |
| 464 |
Аналитический уровень |
_0 |
| 1 |
|
2001 |
| a |
|
Свидание с Севером |
| 464 |
Аналитический уровень |
_0 |
| 1 |
|
2001 |
| a |
|
Рождественская ночь |
| 464 |
Аналитический уровень |
_0 |
| 1 |
|
2001 |
| a |
|
Людям Севера |
| 464 |
Аналитический уровень |
_0 |
| 1 |
|
2001 |
| a |
|
Я знаю, все когда-нибудь пройдет... |
| 464 |
Аналитический уровень |
_0 |
| 1 |
|
2001 |
| a |
|
Моей старшей дочери |
| 464 |
Аналитический уровень |
_0 |
| 1 |
|
2001 |
| a |
|
Бесснежная зима |
| 464 |
Аналитический уровень |
_0 |
| 1 |
|
2001 |
| a |
|
Воспоминания о поездке к морю |
| 464 |
Аналитический уровень |
_0 |
| 1 |
|
2001 |
| a |
|
Дорога к Богу |
| 606 |
Тематические рубрики |
__ |
| 2 |
Код системы |
nlr_sh |
| a |
Основная рубрика |
Художеcтвенная литература |
| 606 |
Тематические рубрики |
__ |
| 2 |
Код системы |
nlr_sh |
| a |
Основная рубрика |
Современная русская литература (произведения) |
| y |
Географическая подрубрика |
Томск |
| y |
Географическая подрубрика |
Россия |
| 610 |
Ключевые слова |
0_ |
| a |
Ключевые слова |
русская поэзия |
| 610 |
Ключевые слова |
0_ |
| a |
Ключевые слова |
современная поэзия |
| 610 |
Ключевые слова |
0_ |
| a |
Ключевые слова |
лирика |
| 610 |
Ключевые слова |
0_ |
| a |
Ключевые слова |
тема любви |
| 610 |
Ключевые слова |
0_ |
| a |
Ключевые слова |
тема природы |
| 610 |
Ключевые слова |
0_ |
| a |
Ключевые слова |
женская поэзия |
| 610 |
Ключевые слова |
0_ |
| a |
Ключевые слова |
литературное краеведение |
| 686 |
Индексы других классификаций |
__ |
| 2 |
Код системы |
rubbks |
| a |
Классификационный индекс |
84(2=411.2)6-5 |
| 700 |
Автор |
_1 |
| a |
Фамилия |
Самойлова |
| b |
Имя |
Т. М. |
| g |
Полное личное имя |
Татьяна Михайловна |
| 4 |
Код отношения |
070 |
| 801 |
Источник записи |
_0 |
| a |
Страна |
RU |
| b |
Организация |
NLR |
| c |
Дата составления |
20250821 |
| g |
Правила каталогизации |
RCR |
| 801 |
Источник записи |
_1 |
| a |
Страна |
RU |
| b |
Организация |
NLR |
| c |
Дата составления |
20250821 |
| g |
Правила каталогизации |
PSBO |
| 801 |
Источник записи |
_2 |
| a |
Страна |
RU |
| b |
Организация |
NLR |
| c |
Дата составления |
20250902 |
| 2 |
Код формата |
rusmarc |
| g |
Правила каталогизации |
PSBO |
| 852 |
Данные о местонахождении |
__ |
| i |
Авторский знак |
С 17 |
| j |
Шифр хранения |
84(2=411.2)6-5 |
| 901 |
Тип документа |
__ |
| a |
Ответственный |
КиК/Котельникова |
| t |
Тип документа |
x |
| 901 |
Тип документа |
__ |
| a |
Ответственный |
без партии |
| 903 |
Характеристики (МАРС) |
__ |
| a |
Дата передачи |
20260629 |
| c |
Наименование библиотеки (МАРС) |
Муниципальное бюджетное учреждение культуры "Централизованная библиотечная система" г. Сургут (Центральная городская библиотека им. А. С. Пушкина) |